SINFONIA DE AMOR A PUEBLA CANTOS A LA PROVINCIA, A LA : (Registro nro. 22224)
[ vista simple ]
| 000 -LEADER | |
|---|---|
| fixed length control field | 00519nam a2200181 a 4500 |
| 001 - CONTROL NUMBER | |
| control field | 22224 |
| 005 - DATE AND TIME OF LATEST TRANSACTION | |
| control field | 20180713220111.0 |
| 008 - FIXED-LENGTH DATA ELEMENTS--GENERAL INFORMATION | |
| fixed length control field | 140415s1970 mx 000 0 spa d |
| 041 ## - LANGUAGE CODE | |
| Language code of text/sound track or separate title | spa |
| 082 ## - DEWEY DECIMAL CLASSIFICATION NUMBER | |
| Classification number | 860 |
| Item number | ABD |
| 100 1# - MAIN ENTRY--PERSONAL NAME | |
| Personal name | ABDON MATAMOROS, MARIANO |
| 245 10 - TITLE STATEMENT | |
| Title | SINFONIA DE AMOR A PUEBLA CANTOS A LA PROVINCIA, A LA : |
| Remainder of title | MUJER Y A LA VODA, SONETO, 14 |
| 250 ## - EDITION STATEMENT | |
| Edition statement | 1a ed. |
| 260 ## - PUBLICATION, DISTRIBUTION, ETC. | |
| Place of publication, distribution, etc. | MEXICO : |
| Name of publisher, distributor, etc. | [S.L.], |
| Date of publication, distribution, etc. | 1970 |
| 300 ## - PHYSICAL DESCRIPTION | |
| Extent | 52 |
| 490 ## - SERIES STATEMENT | |
| Series statement | COL.PUEBLA |
| 650 14 - SUBJECT ADDED ENTRY--TOPICAL TERM | |
| Topical term or geographic name entry element | LITERATURA MEXICANA |
| General subdivision | SONETOS |
| Withdrawn status | Lost status | Source of classification or shelving scheme | Damaged status | Not for loan | Collection code | Home library | Current library | Shelving location | Date acquired | Source of acquisition | Inventory number | Total Checkouts | Full call number | Barcode | Date last seen | Price effective from | Koha item type |
|---|---|---|---|---|---|---|---|---|---|---|---|---|---|---|---|---|---|
| Dewey Decimal Classification | General | Biblioteca Karol Wojtyla | Biblioteca Karol Wojtyla | Sala general | 03/12/2013 | Compra | 151000000000000000033075 | 860 ABD | 42687 | 05/01/2026 | 03/12/2013 | Libro | |||||
| Dewey Decimal Classification | Consulta en sala | Puebla | Biblioteca Karol Wojtyla | Biblioteca Karol Wojtyla | Área de silencio | 03/12/2013 | Compra | 151000000000000000072864 | 860 ABD | 44414 | 05/01/2026 | 03/12/2013 | Libro | ||||
| Dewey Decimal Classification | Consulta en sala | Puebla | Biblioteca Karol Wojtyla | Biblioteca Karol Wojtyla | Área de silencio | 03/12/2013 | Compra | 151000000000000000072862 | 860 ABD | 44415 | 05/01/2026 | 03/12/2013 | Libro | ||||
| Dewey Decimal Classification | Consulta en sala | Puebla | Biblioteca Karol Wojtyla | Biblioteca Karol Wojtyla | Área de silencio | 03/12/2013 | Compra | 151000000000000000072863 | 860 ABD | 44413 | 05/01/2026 | 03/12/2013 | Libro |